Представление документа в формате RUSMARC

ПолеНазваниеЗначение
  Тип записи a
  Библиографический уровень m
001 Контрольный номер 3b41e16c10194ae1b5b3aa8fec42b086
005 Дата корректировки 20250528132201.7
010 Индекс ISBN __
a ISBN 978-5-00214-815-8
b Уточнения в пер.
100 Данные общей обработки __
a Данные общей обработки 20250401d 0rusy0189## ca
101 Язык документа 0_
a Язык текста rus
102 Страна публикации __
a Страна публикации RU
200 Заглавие и сведения об ответственности 1_
a Заглавие Тимур и его команда
e Сведения, относящиеся к заглавию сборник
e Сведения, относящиеся к заглавию [для среднего школьного возраста]
f Первые сведения об ответственности Аркадий Гайдар
210 Выходные данные 1_
a Место издания Москва
c Издательство Миф
d Дата издания 2024
215 Физическое описание __
a Объем 285, [3] с.
225 Серия 2_
a Серия МИФ. Внеклассное чтение
300 Общие примечания __
a Общие примечания В кн. также: киносценарии: Комендант снежной крепости ; Клятва Тимура
333 Примечание о целевом назначении __
a Примечание о целевом назначении 6+
606 Тематические рубрики 0_
a Основная рубрика Русская детская литература, 20 в.
610 Ключевые слова 0_
a Ключевые слова повести советских писателей; рассказы для детей; советские дети (х. л.); пионеры (х. л.); тимуровцы (х. л.); хулиганы (х. л.); дружба (х. л.); приключенческие повести
686 Индексы других классификаций __
a Классификационный индекс Р2
700 Автор _1
a Фамилия Гайдар
b Имя (инициалы) А. П.
g Полное личное имя Аркадий Петрович
801 Источник записи _0
a Страна RU
b Организация УОБДЮ
c Дата составления 20250401
g Правила каталогизации RCR
801 Источник записи _1
a Страна RU
b Организация УОБДЮ
c Дата составления 20250401
g Правила каталогизации RCR
830 Общее примечание каталогизатора __
a Текст примечания Д
852 Данные о местонахождении __
i Авторский знак Г 14
j Шифр хранения Р2
900 Электронные ресурсы __
a Имя электронного ресурса 590654
901 Тип документа __
t Тип документа m
902 Оглавление книги __
a Оглавление книги, выполненное каталогизатором Комендант снежной крепости
a Оглавление книги, выполненное каталогизатором Клятва Тимура
905 Данные по созданию БЗ __
b Логин пользователя, который создал БЗ imm
905 Данные по созданию БЗ __
a Дата создания БЗ 202505
b Логин пользователя, который создал БЗ o7
909 Создатель записи __
b Дата создания записи 20250401